Inner cities pilot 'City growth strategy' (Record no. 68950)
[ view plain ]
| 000 -LEADER | |
|---|---|
| fixed length control field | 00980cam a2200229 4500 |
| 001 - CONTROL NUMBER | |
| control field | WB3745-26 |
| 008 - FIXED-LENGTH DATA ELEMENTS--GENERAL INFORMATION | |
| fixed length control field | 011127n2001 000 0 eng u |
| 035 ## - SYSTEM CONTROL NUMBER | |
| System control number | (Sirsi) u115762 |
| 245 ## - TITLE STATEMENT | |
| Title | Inner cities pilot 'City growth strategy' |
| 260 ## - PUBLICATION, DISTRIBUTION, ETC. | |
| Date of publication, distribution, etc. | 2001 |
| 490 ## - SERIES STATEMENT | |
| Series statement | DTI News Release |
| Volume/sequential designation | P/2001/656 25 November 2001, (3) |
| 520 ## - SUMMARY, ETC. | |
| Summary, etc. | Four pilot projects have been launched by the Minister for Small Businesses, Nigel Griffiths, in order to aid inner city regeneration. Nottingham, Plymouth, St Helens and London have been selected to pilot a 'City growth' strategy and have their own business plan to help both new and existing businesses. The strategy is based on Professor Michael Porter's Initiative for a Competitive Inner City used in the US. |
| 590 ## - LOCAL NOTE (RLIN) | |
| Local note | WB |
| 650 ## - SUBJECT ADDED ENTRY--TOPICAL TERM | |
| Topical term or geographic name entry element | URBAN REGENERATION |
| 650 ## - SUBJECT ADDED ENTRY--TOPICAL TERM | |
| Topical term or geographic name entry element | LONDON |
| 650 ## - SUBJECT ADDED ENTRY--TOPICAL TERM | |
| Topical term or geographic name entry element | PLYMOUTH |
| 650 ## - SUBJECT ADDED ENTRY--TOPICAL TERM | |
| Topical term or geographic name entry element | ST HELENS |
| 650 ## - SUBJECT ADDED ENTRY--TOPICAL TERM | |
| Topical term or geographic name entry element | NOTTINGHAM |
| 650 ## - SUBJECT ADDED ENTRY--TOPICAL TERM | |
| Topical term or geographic name entry element | INNER CITY DEVELOPMENT |
| 690 ## - LOCAL SUBJECT ADDED ENTRY--TOPICAL TERM (OCLC, RLIN) | |
| Topical term or geographic name as entry element | REGENERATION |
| 942 ## - ADDED ENTRY ELEMENTS (KOHA) | |
| Suppress in OPAC | 0 |
| Withdrawn status | Lost status | Source of classification or shelving scheme | Damaged status | Not for loan | Home library | Current library | Shelving location | Date acquired | Total Checkouts | Full call number | Barcode | Date last seen | Copy number | Price effective from | Koha item type |
|---|---|---|---|---|---|---|---|---|---|---|---|---|---|---|---|
| Dewey Decimal Classification | London | London | News article | 27/11/2001 | WB3745-26 | 115762-1001 | 06/08/2019 | 1 | 06/08/2019 | News article |